Planet earth in jeopardy (Record no. 26324)

000 -LEADER
fixed length control field 00601nam a2200217 a 4500
001 - CONTROL NUMBER
control field 26324
003 - CONTROL NUMBER IDENTIFIER
control field BD-DhUET
008 - FIXED-LENGTH DATA ELEMENTS--GENERAL INFORMATION
fixed length control field 850906s1986 enka b 000 0 eng
020 ## - INTERNATIONAL STANDARD BOOK NUMBER
International Standard Book Number 0471998362
020 ## - INTERNATIONAL STANDARD BOOK NUMBER
International Standard Book Number 0471909084
040 ## - CATALOGING SOURCE
Original cataloging agency DLC
Transcribing agency DLC
Modifying agency BD-DhUET
082 00 - DEWEY DECIMAL CLASSIFICATION NUMBER
Classification number 574.5222
Item number DOT/1980
100 ## - MAIN ENTRY--PERSONAL NAME
Personal name Dotto, Lydia
245 10 - TITLE STATEMENT
Title Planet earth in jeopardy
Remainder of title environmental consequences of nuclear war
250 ## - EDITION STATEMENT
Edition statement 1st ed.
260 ## - PUBLICATION, DISTRIBUTION, ETC. (IMPRINT)
Place of publication, distribution, etc. Chichester
Name of publisher, distributor, etc. John Wiley & sons
Date of publication, distribution, etc. 1980
300 ## - PHYSICAL DESCRIPTION
Extent vii, 134 p.
Other physical details ill.
Dimensions 21 cm.
504 ## - BIBLIOGRAPHY, ETC. NOTE
Bibliography, etc Includes bibliographies
650 #0 - SUBJECT ADDED ENTRY--TOPICAL TERM
Topical term or geographic name as entry element Nuclear warfare
942 ## - ADDED ENTRY ELEMENTS (KOHA)
Koha item type General Book
Holdings
Not for loan Date acquired Source of classification or shelving scheme Shelving location Koha full call number Copy number Withdrawn status Koha date last seen Price effective from Lost status Piece designation (barcode) Damaged status Koha normalized classification for sorting Koha item type Location (home branch) Sublocation or collection (holding branch)
 2015-05-19 Circulation section574.5222/DOT/19801 2015-05-192015-05-19 67466 574_522200000000000_DOT_1980General BookCentral Library, BUETCentral Library, BUET
 2015-10-12 Reference section574.5222/DOT/19802 2015-10-122015-10-12 69770 574_522200000000000_DOT_1980ReferenceCentral Library, BUETCentral Library, BUET